Địa lí dịch vụ

Gorde:
Xehetasun bibliografikoak
Formatua: Liburua
Argitaratua: H. Đại học Sư phạm
Etiketak: Etiketa erantsi
Etiketarik gabe, Izan zaitez lehena erregistro honi etiketa jartzen!
Thư viện lưu trữ: Mạng thư viện Đại học Đà Nẵng
LEADER 00642nam a2200205 4500
001 000016618
003 13021
005 20150812150828.0
008 121123s sd
245 0 0 |a Địa lí dịch vụ  |c Lê Thông, Nguyễn Minh Tuệ (ch.b.), Lê Mỹ Dung... 
260 |a H.  |b Đại học Sư phạm 
774 |d H.  |d Đại học Sư phạm  |d 2011  |g T.1  |h 263 tr.  |t Địa lí giao thông vận tải  |w 13022 
OWN |a LSP 
999 |a From the UDN01 
TYP |a Monograph 
TYP |a Printed language 
980 |a Mạng thư viện Đại học Đà Nẵng